Trainee program-spôsob ako úspešne začať
Termín Trainee program objavujúci sa na trhu práce. Založenie trainee programu na vzťahu zamestnanec-zamestnávateľ. Trainee pozície predstavujú voľné pracovné miesta a sú vypísané zamestnávateľom. Popis uchádzačov o tento program. Proces výberu. Dôvody organizovania trainee programov spoločnosťami.
Enregistré dans:
| Auteur principal: | |
|---|---|
| Format: | Chapitre de livre |
| Langue: | slovaque |
| Sujets: | |
| Tags: |
Pas de tags, Soyez le premier à ajouter un tag!
|
MARC
| LEADER | 00000naa$a2200000$$$4500 | ||
|---|---|---|---|
| 001 | 0066294 | ||
| 005 | 20240502071803.2 | ||
| 041 | 0 | |a slo | |
| 044 | |a SK | ||
| 245 | 1 | 0 | |a Trainee program-spôsob ako úspešne začať |c Katarína Mončeková |
| 520 | |a Termín Trainee program objavujúci sa na trhu práce. Založenie trainee programu na vzťahu zamestnanec-zamestnávateľ. Trainee pozície predstavujú voľné pracovné miesta a sú vypísané zamestnávateľom. Popis uchádzačov o tento program. Proces výberu. Dôvody organizovania trainee programov spoločnosťami. | ||
| 610 | 2 | 0 | |a zamestnanie |
| 610 | 2 | 0 | |a zamestnávatelia |
| 610 | 2 | 0 | |a spoločnosti |
| 610 | 2 | 0 | |a miesta pracovné |
| 610 | 2 | 0 | |a trainee program |
| 100 | 1 | |a Mončeková, Katarína | |